| 000 | 02303cam a2200289 4500 | ||
|---|---|---|---|
| 001 | X124433 | ||
| 008 | 011101n2001 000 0 eng u | ||
| 035 | _a(Sirsi) u124433 | ||
| 245 | _aBarclays Bank plc (Respondents) v Harris (FC) (Executor of Beryl Iris Harris (Deceased) (Appellant); Midland Bank plc (Respondents) v Wallace and Another (AP) (Appellant); Royal Bank of Scotland (Respondents) v Etridge (Appellant); National Westminster Bank plc (Respondents) v Gill and Another (AP) (Appellant); UCB Home Loans Corporation Limited (Respondents) v Moore and Another (AP) (Appellant); (Conjoined appeals) Governor and Company of the Bank of Scotland (Respondents) v Bennett and Another (AP) (Appellant); Kenyon Brown (Respondent) v Desmond Banks and Co (Appellants); Barclays Bank plc (Respondents) v Coleman and Another (FC) (Appellant) | ||
| 260 | _c2001 | ||
| 520 | _a[2001] UKHL 44, 11 October 2001. Eight appeals heard together concerning an allegation by wife (W) that a purported charge over her joint interest in her home was unenforceable. W argued that the bank should have been aware that her signature would not have been obtained but for undue influence on the part of the principal debtor, W's husband. HL redefined the principles laid down in "Barclays Bank plc v O'Brien" laying down guidance for banks to follow when seeking surety including ensuring that wives are properly informed and the duty of care owed to wife by advising solicitor. View judgment at www.parliament.the-stationery-office.co.uk/ | ||
| 650 | _aMORTGAGES | ||
| 650 | _aUNDUE INFLUENCE | ||
| 650 | _aBANK OF SCOTLAND V BENNETT AND ANOTHER | ||
| 650 | _aBARCLAYS BANK PLC V COLEMAN AND ANOTHER | ||
| 650 | _aBARCLAYS BANK PLC V HARRIS'S EXECUTOR | ||
| 650 | _aBARCLAYS BANK V O'BRIEN | ||
| 650 | _aKENYON BROWN V DESMOND BANKS AND CO | ||
| 650 | _aLENDERS | ||
| 650 | _aMIDLAND BANK PLC V WALLACE AND ANOTHER | ||
| 650 | _aNATIONAL WESTMINSTER BANK PLC V GILL AND ANOTHER | ||
| 650 | _aROYAL BANK OF SCOTLAND V ETRIDGE | ||
| 650 | _aUCB HOME LOANS CORPORATION LTD V MOORE AND ANOTHER | ||
| 690 | _aPROPERTY AND LAND LAW-CASE LAW | ||
| 856 |
_uhttps://www.parliament.the-stationery-office.co.uk/pa/ld200102/ldjudgmt/jd011011/etridg-1.htm _zView judgment on the HL website... |
||
| 942 | _n0 | ||
| 999 |
_c103229 _d103229 |
||